Турау Е.

Доступно только в Электронных читальных залах Найти на картеНа карте
RUSMARC
00003693nac2a22002771x 450
0014c4d0ce8-7d8a-4c44-9917-ada9e4c5b779
00520131106055602.0
100##$a20130605l1893 k y0rusy50 ca
1010#$arus
102##$aRU
105##$ay z |||||
1220#$ad18931203
2001#$aТурау Е.
$j3 декабря 1893
215##$a4 листа
251##$cДело
300##$aЗаголовок дела на папке: Письмо Турау Е. Кони А. Ф.
300##$aРукописный текст
330##$aПереписка А. Ф. Кони; Письма к А. Ф. Кони
461#0$10013a54f2e3-e9cf-409b-80fa-f0a9bd3c40cb
$12001
$aКони Анатолий Федорович, юрист, литератор, член академии наук, председатель Санкт-Петербургского окружного суда, член государственного совета
$1251
$cФонд
$1852
$j564
462#0$100178a475cd-a47d-4377-bff3-cee4b81de655
$12001
$aОпись дел фонда А. Ф. Кони за 1880-1931 гг.
$1251
$cОпись
$1852
$j1
517##$aПисьмо Турау Е. Кони А. Ф.
600#1$aКони
$bА. Ф.
$f1844-1927
$gАнатолий Федорович
600#1$aТурау
$bЕ.
801#0$aRU
$bGA_RF
801#1$aRU
$bНПО Опыт
$c20130605
$2rusmarc
801#2$aRU
$bПБ им. Б.Н. Ельцина
$c20131106
$gRCR
$2rusmarc
852##$aГА РФ
$j3488
937##$d40867180
$hПБ
035##$aRuPRLIB51006114
Формат отображения